000 01042nam a2200265Ia 4500
003 OSt
005 20220923211512.0
006 a|||||r|||| 00| 0
007 ta
008 220922b |||||||| |||| 00| 0 hin d
020 _a9789380172613 (pbk)
024 _a302,141
037 _bGift,
_cTextual
040 _aARTS
_cARTS
_bhin
041 _2hin
_ahin
082 _aW, 152Q3
100 _aगौतम, बलवान, संपा.
_9156315
245 0 _aराजनीतिक सिद्धांत अवधारणाएं एवं विमर्श
246 _aRājanītik siddhāanta avadhāraṇāean evan vimarsha
260 _aदिल्ली विश्वविद्यालय
_b हिंदी माध्यम कार्यान्वय निदेशालय
_c2013
300 _a129पृ.
_ccm.
650 _aभारतीय राजनीति
_9156264
942 _hW, 152Q3
_cTEXL
_2CC
999 _c300209
_d300209